Physical Metallurgy and Advanced Materials (Record no. 32275)

000 -LEADER
fixed length control field 05336cam a2200529Ia 4500
001 - CONTROL NUMBER
control field 8428303
003 - CONTROL NUMBER IDENTIFIER
control field OSt
005 - DATE AND TIME OF LATEST TRANSACTION
control field 20211213104458.0
006 - FIXED-LENGTH DATA ELEMENTS--ADDITIONAL MATERIAL CHARACTERISTICS
fixed length control field m o d
007 - PHYSICAL DESCRIPTION FIXED FIELD--GENERAL INFORMATION
fixed length control field cr cn|||||||||
008 - FIXED-LENGTH DATA ELEMENTS--GENERAL INFORMATION
fixed length control field 110104s2007 ne a ob 001 0 eng d
020 ## - INTERNATIONAL STANDARD BOOK NUMBER
International Standard Book Number 9780750669061
035 ## - SYSTEM CONTROL NUMBER
System control number (OCoLC)ocn694853474
035 ## - SYSTEM CONTROL NUMBER
System control number (OCoLC)694853474
Canceled/invalid control number (OCoLC)182732361
-- (OCoLC)191824891
-- (OCoLC)507441231
-- (OCoLC)647696790
-- (OCoLC)703375233
-- (OCoLC)765134772
035 ## - SYSTEM CONTROL NUMBER
System control number (NNC)8428303
037 ## - SOURCE OF ACQUISITION
Source of stock number/acquisition Knovel Corporation
Note http://www.knovel.com
038 ## - RECORD CONTENT LICENSOR
Staff Name Khadija
040 ## - CATALOGING SOURCE
Original cataloging agency KNOVL
Language of cataloging eng
Transcribing agency KNOVL
Modifying agency CEF
-- OCLCQ
-- N$T
-- YDXCP
-- ZCU
-- E7B
-- LGG
-- B24X7
-- MERUC
-- OCLCQ
-- KNOVL
-- OCLCF
-- OCLCQ
-- OCLCO
-- COO
050 #4 - LIBRARY OF CONGRESS CALL NUMBER
Classification number TN690
Item number .S56 2007eb
072 #7 - SUBJECT CATEGORY CODE
Subject category code TEC
Subject category code subdivision 023000
Source bisacsh
082 04 - DEWEY DECIMAL CLASSIFICATION NUMBER
Classification number 669.9
Edition number 22
Author Mark SMA
084 ## - OTHER CLASSIFICATION NUMBER
Classification number UQ 7020
Number source rvk
100 1# - MAIN ENTRY--PERSONAL NAME
Personal name Smallman, R. E.
9 (RLIN) 86463
245 10 - TITLE STATEMENT
Title Physical Metallurgy and Advanced Materials
250 ## - EDITION STATEMENT
Edition statement 7th ed.
Remainder of edition statement R.E. Smallman, A.H.W. Ngan.
260 ## - PUBLICATION, DISTRIBUTION, ETC.
Place of publication, distribution, etc. Amsterdam ;
-- Boston :
Name of publisher, distributor, etc. Butterworth Heinemann,
Date of publication, distribution, etc. 2007.
300 ## - PHYSICAL DESCRIPTION
Extent 1 online resource (xxi, 650 p.) :
Other physical details ill.
500 ## - GENERAL NOTE
General note Rev. ed. of: Modern physical metallurgy and materials engineering. 1999.
504 ## - BIBLIOGRAPHY, ETC. NOTE
Bibliography, etc. note Includes bibliographical references and index.
505 2# - FORMATTED CONTENTS NOTE
Formatted contents note Chapter 1 Atoms and atomic arrangements -- 1.1 The realm of materials science -- 1.2 The free atom -- 1.2.1 The four electron quantum numbers -- 1.2.2 Nomenclature for the electronic states -- 1.3 The Periodic Table -- 1.4 Interatomic bonding in materials -- 1.5 Bonding and energy levels -- 1.6 Crystal lattices and structures -- 1.7 Crystal directions and planes -- 1.8 Stereographic projection -- 1.9 Selected crystal structures -- 1.9.1 Pure metals -- 1.9.2 Diamond and graphite -- 1.9.3 Coordination in ionic crystals -- 1.9.4 AB-type compounds -- Chapter 2 Phase equilibria and structure -- 2.1 Crystallization from the melt -- 2.1.1 Freezing of a pure metal -- 2.1.2 Plane-front and dendritic solidification at a cooled surface -- 2.1.3 Forms of cast structure -- 2.1.4 Gas porosity and segregation -- 2.1.5 Directional solidification -- 2.1.6 Production of metallic single crystals for research -- 2.2 Principles and applications of phase diagrams -- 2.2.1 The concept of a phase -- 2.2.2 The Phase Rule -- 2.2.3 Stability of phases -- 2.2.4 Two-phase equilibria -- 2.2.5 Three-phase equilibria and reactions -- 2.2.6 Intermediate phases -- 2.2.7 Limitations of phase diagrams -- 2.2.8 Some key phase diagrams -- 2.2.9 Ternary phase diagrams -- 2.3 Principles of alloy theory -- 2.3.1 Primary substitutional solid solutions -- 2.3.2 Interstitial solid solutions -- 2.3.3 Types of intermediate phases -- 2.3.4 Order-disorder phenomena -- 2.4 The mechanism of phase changes -- 2.4.1 Kinetic considerations -- 2.4.2 Homogeneous nucleation -- 2.4.3 Heterogeneous nucleation -- 2.4.4 Nucleation in solids -- Chapter 3 Crystal defects -- 3.1 Types of imperfection -- 3.2 Point defects -- 3.2.1 Point defects in metals -- 3.2.2 Point defects in non-metallic crystals -- 3.2.3 Irradiation of solids -- 3.2.4 Point defect concentration and annealing -- 3.3 Line defects -- 3.3.1 Concept of a dislocation -- 3.3.2 Edge and screw dislocations -- 3.3.3 The Burgers vector -- 3.3.4 Mechanisms of slip and climb -- 3.3.5 Strain energy associated with dislocations -- 3.3.6 Dislocations in ionic structures -- 3.4 Planar defects -- 3.4.1 Grain boundaries -- 3.4.2 Twin boundaries -- 3.4.3 Extended dislocations and stacking faults in close-packed crystals -- 3.5 Volume defects -- 3.5.1 Void formation and annealing -- 3.5.2 Irradiation and voiding -- 3.5.3 Voiding and fracture -- 3.6 Defect behavior in common crystal structures -- 3.6.1 Dislocation vector diagrams and the Thompson tetrahedron -- 3.6.2 Dislocations and stacking faults in fcc structures -- 3.6.3 Dislocations and stacking faults in cph structures -- 3.6.4 Dislocations and stacking faults in bcc structures --T$107.
520 ## - SUMMARY, ETC.
Summary, etc. Physical Metallurgy and Advanced Materials is the latest edition of the classic book previously published as Modern Physical Metallurgy & Materials Engineering. Fully revised and expanded, this new edition develops on its predecessor by including detailed coverage of the latest topics in metallurgy and material science. Intended for senior undergraduates and graduate students it emphasises the science, production and applications of engineering materials. It is suitable for all post-introductory materials science courses.
563 ## - BINDING INFORMATION
Binding note HB
650 #0 - SUBJECT ADDED ENTRY--TOPICAL TERM
Topical term or geographic name entry element Physical metallurgy.
9 (RLIN) 86464
650 07 - SUBJECT ADDED ENTRY--TOPICAL TERM
Topical term or geographic name entry element Metallbearbeitung.
Source of heading or term swd
9 (RLIN) 86465
650 07 - SUBJECT ADDED ENTRY--TOPICAL TERM
Topical term or geographic name entry element Metallkunde.
Source of heading or term swd
9 (RLIN) 86466
650 07 - SUBJECT ADDED ENTRY--TOPICAL TERM
Topical term or geographic name entry element Metallurgie.
Source of heading or term swd
9 (RLIN) 86467
650 #7 - SUBJECT ADDED ENTRY--TOPICAL TERM
Topical term or geographic name entry element TECHNOLOGY & ENGINEERING
General subdivision Metallurgy.
Source of heading or term bisacsh
9 (RLIN) 86468
650 #7 - SUBJECT ADDED ENTRY--TOPICAL TERM
Topical term or geographic name entry element Physical metallurgy.
Source of heading or term fast
9 (RLIN) 86464
655 #4 - INDEX TERM--GENRE/FORM
Genre/form data or focus term Electronic books.
9 (RLIN) 86469
655 #7 - INDEX TERM--GENRE/FORM
Genre/form data or focus term Electronic books.
Source of term local
9 (RLIN) 86469
700 1# - ADDED ENTRY--PERSONAL NAME
Personal name Ngan, A. H. W.
9 (RLIN) 86470
700 1# - ADDED ENTRY--PERSONAL NAME
Personal name Smallman, R. E.
Title of a work Modern physical metallurgy.
9 (RLIN) 86471
776 08 - ADDITIONAL PHYSICAL FORM ENTRY
Relationship information Print version:
Main entry heading Smallman, R. E.
Title Physical metallurgy and advanced materials.
Edition 7th ed.
Place, publisher, and date of publication Amsterdam ; Boston : Butterworth Heinemann, 2007
International Standard Book Number 9780750669061
Record control number (DLC) 2008270218
-- (OCoLC)213375918
856 40 - ELECTRONIC LOCATION AND ACCESS
Uniform Resource Identifier <a href="http://www.columbia.edu/cgi-bin/cul/resolve?clio8428303">http://www.columbia.edu/cgi-bin/cul/resolve?clio8428303</a>
Public note ACADEMIC - Metals & Metallurgy
942 ## - ADDED ENTRY ELEMENTS (KOHA)
Source of classification or shelving scheme
Koha item type Book
Holdings
Withdrawn status Lost status Source of classification or shelving scheme Damaged status Not for loan Permanent Location Current Location Shelving location Date acquired Total Checkouts Full call number Barcode Date last seen Date last checked out Price effective from Koha item type
          School of Mechanical & Manufacturing Engineering (SMME) School of Mechanical & Manufacturing Engineering (SMME) General Stacks 08/03/2015 1 669.9 SMA SMME-914 02/26/2021 02/17/2021 08/03/2015 Book
© 2023 Central Library, National University of Sciences and Technology. All Rights Reserved.